000 00630nam a2200193 i 4500
001 85041
003 ES-MaACL
005 20250804062537.0
007 t|
008 041125s1971 sp ||||1| spa d
100 1 _aJiménez, Alberto.
_966394
245 1 0 _aHistoria de la Universidad española
_b: la ciudad del estudio : selección y reforma : ocaso y restauración /
_cAlberto Jiménez.
260 _aMadrid :
_bAlianza,
_c[1971]
300 _a522 p. ;
_c18 cm.
490 1 _aEl libro de bolsillo ;
_v335
830 0 3 _aEl libro de bolsillo
_v335
_9177802
852 _aES-MaACL
_jC-40352
_bR.78876
999 _c85041
_d85041